000 01453nam0a2200325 4500
001 RU\NLR\bibl\551162
005 20260407103136.0
010 _a5-87854-311-7
_9200
021 _aRU
_b2004-43474
_92158
035 _a(NLR Aleph) 000543341
090 _a1426778
_c1426778
100 _a20040910d2004 |||y0rusy50 ca
101 0 _arus
102 _aRU
105 _aa |||||||||
200 1 _aШкола и ВУЗ на пути модернизации начального общего образования
_e[Сб. ст.]
_fМ-во образования Рос. Федерации, Псков. гос. пед. ин-т им. С.М. Кирова
_gПод ред. И.М. Витковской
210 _aПсков
_cПГПИ
_d2004
215 _a167 с.
_cил.
_d20
320 _aБиблиогр. в конце ст.
606 0 _aНачальная школа
_jСборники
_xУчебно-воспитательная работа
_91763157
_3RU\NLR\auth\66790992
686 _aЧ421.2,01я43
702 1 _aВитковская
_bИ. М.
_gИрина Михайловна
_4340
712 0 2 _4570
_aПсковский государственный педагогический институт им. С. М. Кирова
_9359024
_3RU\NLR\AUTH\889931808
801 0 _aRU
_bNLR
_c20040910
_gPSBO
801 1 _aRU
_bNLR
_c20040910
830 _aАвт. по кн.
942 _cBOOK
980 _aNB
980 _aNBR